000
00321nam a2200133Ia 4500
005
20251222143120.0
008
251222s9999||||xx |||||||||||||| ||spa||
020
_a
950-808-409-X
082
_a
792.022.6/S68
100
_a
Sormani, Nora Lía
245
0
_a
El Teatro para Niños:
264
_b
Homo Sapiens
942
_c
LIB
999
_c
11501
_d
11501